00728nam a2200253 a 4500001001300000003000900013005001700022008004100039020001000080082001600090100001700106245002700123260003300150300000900183500003500192505004100227650002300268650002200291700001700313902000800330942000700338952011600345999001300461nice12345678IN_TiNIC20260116011334.0050524s1997 teha grp 000 0 per  ac10000a181.07bAMU aAmuzgar, H A aFalsafa-I-Roohib Soul aTehranbFirdoosi Pressc1997 a192p aincludes index and biblioraphy2 a12 Volumes in Bounded in Six Volumes aPhilosophy-Islamic aSoul-Human-Sufism1 aAmuzgar, H A bSRS cBK 001040708StackRoom-aHMIbHMId2007-03-16g100.00l0o181.07 AMUp04653r2007-03-16v100.00w2005-05-24yBK c641d641